| 000 | 00447nam a22001697a 4500 | ||
|---|---|---|---|
| 003 | MPLRDC | ||
| 005 | 20220104123919.0 | ||
| 008 | 210129b ||||| |||| 00| 0 eng d | ||
| 082 | _a046 JQDS v.3 c.2 | ||
| 100 | _a雷鼓出版社编辑部 | ||
| 245 |
_a超自然现象的谜中谜 _c |
||
| 260 |
_a _b雷鼓出版社 _c1989 |
||
| 300 | _b平 | ||
| 490 | _a惊奇大系 | ||
| 650 | _a类书; 百科全书--杂录 | ||
| 942 |
_cBK _o046 JQDS v.3 c.2 |
||
| 999 |
_c15186 _d15176 |
||